000 00594nam a2200253Ia 4500
005 20260121153857.0
008 008 260114s9999 xx 000 0 eng d
020 _a9780203424889
037 _aEBOOK
040 _aCRL
040 _beng
040 _cCRL
041 _2eng
041 _aeng
084 _qCRL
100 _aVaclav Hubinger
_91000249
245 0 _aGrasping the Changing World
260 _bTaylor and Francis
260 _c1996
856 _uhttp://www.taylorfrancis.com/books/9780203424889
942 _cEBOOK
999 _c1567070
_d1567070